000 00620nam a22002057a 4500
999 _c5554
_d5554
003 AR-CdUCM
008 190312b ||||| |||| 00| 0 spa d
040 _aMUNICIPALIDAD PROVINCIAL DEL CUSCO
_cBIBLIOTECA MUNICIPAL DEL CUSCO
082 _a869.624 /
_bP192
100 _aPalacio, Pablo
_916645
245 _aObras escogidas /
260 _aEcuador :
_bPublicaciones educativas Ariel,
300 _a193 páginas ;
_c17 cm.
440 _aClásicos ariel
_n8
_916646
505 _aContenido: novelas...
650 _aNovelas.
_9218
700 _aRodriguez Castelo, Hernán
_914691
942 _2ddc
_cLIBROS
945 _awfj